| 000 | 02175nam a2200541 i 4500 | ||
|---|---|---|---|
| 001 | 197703 | ||
| 003 | SpMaBN | ||
| 005 | 20250828063305.0 | ||
| 008 | 250701m20249999sp |||||| 000 0cspa| | ||
| 015 | _aMON24 | ||
| 017 |
_aM 26264-2024 _bOficina Depósito Legal Madrid |
||
| 020 | _a9788499614717 | ||
| 035 | _a(OCoLC)1513226833 | ||
| 040 |
_aSpMaBN _bspa _cSpMaBN _erda |
||
| 080 | _a929(460):33-051 | ||
| 245 | 0 | 0 |
_a36 ilustres economistas españoles / _cLuis Perdices de Blas (coordinador). |
| 246 | 3 | _aTreinta y seis ilustres economistas españoles | |
| 264 | 1 |
_aMadrid : _bFundación Ramón Areces, _c[2024-]. |
|
| 300 |
_a294 páginas ; _c24 cm. |
||
| 336 |
_aTexto _2rdacontent |
||
| 337 |
_asin mediación _2rdamedia |
||
| 338 |
_avolumen _2rdacarrier |
||
| 504 | _aIncluye referencias bibliográficas | ||
| 600 | 1 | 4 |
_9107479 _aSoto, Domingo de, _d1495-1560 |
| 600 | 1 | 4 |
_924354 _aAzpilcueta, Martín de |
| 600 | 1 | 4 |
_980438 _aMercado, Tomás de |
| 600 | 1 | 7 |
_9167935 _aMolina, Luis de, _d1535-1600 |
| 600 | 1 | 4 |
_976675 _aMariana, Juan de, _d1536-1624 |
| 600 | 4 |
_aOrtiz, Luis de _9242103 |
|
| 600 | 4 |
_aGonzález de Cellorigo, Martín de, _dc. 1559-c. 1632 _9242104 |
|
| 600 | 1 | 4 |
_982120 _aMoncada, Sancho de, _d1580-1638 |
| 600 | 0 | 4 |
_978016 _aMartínez de Mata, Francisco |
| 600 | 1 | 7 |
_9169445 _aUztáriz, Jerónimo de |
| 600 | 1 | 4 |
_aRodríguez de Campomanes y Pérez, Pedro, _d1723-1802 _9242105 |
| 600 | 4 |
_aArriquíbar, Nicolás de, _d1714-1775 _9242106 |
|
| 600 | 1 | 0 |
_9222580 _aJovellanos, Gaspar Melchor de, _d1744-1811 |
| 600 | 1 | 4 |
_933162 _aCabarrús, Francisco _c, Conde de |
| 600 | 4 |
_aNormante y Carcavilla, Lorenzo, _d1759-1813 _9242107 |
|
| 600 | 1 | 4 |
_951802 _aForonda, Valentín de |
| 650 | 0 |
_aEconomistas- _zEspaña- _xBiografías _2embne _9241162 |
|
| 655 | 0 |
_aBiografías _9176647 |
|
| 700 | 1 |
_aPerdices Blas, Luis _ecoor _990418 |
|
| 852 |
_aES-MaACL _cDEPOJ _jN-10566 _xEncuadernación rústica con solapas _9206689 _hDonación: Editorial |
||
| 942 |
_cMONOGRAFIA _n0 |
||
| 999 |
_c197703 _d197703 |
||